|
|
|
|
| LEADER |
02348nam a2200385 u 4500 |
| 001 |
10046770 |
| 003 |
upatras |
| 005 |
20220905141307.0 |
| 008 |
030514s1999 gr gre |
| 952 |
|
|
|0 0
|1 0
|4 0
|6 949_500000000000000_ΒΥΖ
|7 0
|9 36851
|a LISP
|b LISP
|c BSC
|d 2016-04-24
|i 070320
|l 0
|o 949.5 ΒΥΖ
|p 025000109807
|r 2016-04-24 00:00:00
|t 1
|w 2016-04-24
|y BK15
|
| 952 |
|
|
|0 0
|1 0
|4 0
|6 938_300000000000000_ΜΠΙ
|7 0
|9 36852
|a PTDE
|b PTDE
|d 2016-04-24
|i 11126
|l 0
|o 938.3 ΜΠΙ
|p 025000193826
|r 2016-04-24 00:00:00
|t 2
|w 2016-04-24
|y BK15
|
| 952 |
|
|
|0 0
|1 0
|2 ddc
|4 0
|6 949_500000000000000_ΒΥΖ
|7 0
|9 362893
|a LISP
|b LISP
|c BSC
|d 2022-07-26
|i 256955
|l 0
|o 949.5 ΒΥΖ
|p 025000292489
|r 2022-07-26 00:00:00
|t 3
|w 2022-07-26
|y BK15
|
| 999 |
|
|
|c 23611
|d 23611
|
| 020 |
|
|
|a 9603441562
|
| 020 |
|
|
|a 9789603441564
|
| 040 |
|
|
|a GR-PaULI
|c GR-PaULI
|
| 041 |
1 |
|
|a gre
|h fre
|
| 082 |
0 |
4 |
|a 949.5
|2 23
|
| 245 |
0 |
0 |
|a Βυζάντιο και Ευρώπη :
|b συμπόσιο, Παρίσι, Maison De l' Europe, 22 Απριλίου 1994 /
|c Ε. Μπιμπίκου-Αντωνιάδη ... [και ά.] ; μετάφραση Βαρβάρα Σαραφίδου, Γιάννης Κουμπουρλής, Αγγελική Πασσιά.
|
| 250 |
|
|
|a 2η έκδ.
|
| 260 |
|
|
|a Αθήνα :
|b Ελληνικά Γράμματα,
|c 1999.
|
| 300 |
|
|
|a 114 σ. ;
|c 21 εκ.
|
| 490 |
0 |
|
|a Ιστορία
|
| 500 |
|
|
|a Τα κείμενα δημοσιεύθηκαν στα "Cahiers de l' Ambassade de Grèce à Paris", τ. 2 (Παρίσι, 1995), σσ. 27-68.
|
| 651 |
|
4 |
|a Βυζαντινή Αυτοκρατορία
|x Σχέσεις
|z Ευρώπη
|9 81314
|
| 651 |
|
4 |
|a Βυζαντινή Αυτοκρατορία
|x Σχέσεις
|z Ευρώπη
|9 81314
|
| 700 |
1 |
|
|a Μπιμπίκου-Αντωνιάδου, Ελένη,
|9 7700
|d 1923-2017,
|e συγγραφέας
|
| 700 |
1 |
|
|a Σαραφίδου, Βαρβάρα
|9 12157
|e μεταφράστρια
|
| 700 |
1 |
|
|a Πασσιά, Αγγελική
|d 1969-
|9 37873
|e μεταφράστρια
|
| 700 |
1 |
|
|a Κουμπουρλής, Γιάννης
|9 25352
|e μεταφραστής
|
| 852 |
|
|
|a GR-PaULI
|b ΠΑΤΡΑ
|b ΒΚΠ
|b ΒΣ2
|k ΑΣΧΕ
|h 949.5 ΒΥΖ
|m 070320
|p 025000109807
|t 1
|
| 852 |
|
|
|a GR-PaULI
|b ΠΑΤΡΑ
|b ΠΤΔΕ
|k ΑΣΧΕ
|h 938.3 ΜΠΙ
|m 11126
|p 025000193826
|t 2
|
| 942 |
|
|
|2 ddc
|c BK15
|
| 998 |
|
|
|c ΑΒΑΚΟΜΙΔΗ
|d 2003-05
|
| 998 |
|
|
|c ΓΚΟΓΚΟΥ
|d 2022-07
|